The road to Gettysburg
Gorde:
| Egile nagusia: | |
|---|---|
| Formatua: | Liburua |
| Hizkuntza: | ingelesa |
| Argitaratua: |
Gettysburg
Gettysburg College
1987
|
| Saila: | Fortenbaugh Memorial Lecture Gettysburg College
|
| Gaiak: | |
| Etiketak: |
Etiketa erantsi
Etiketarik gabe, Izan zaitez lehena erregistro honi etiketa jartzen!
|
MARC
| LEADER | 00000nam a2200000 a 4500 | ||
|---|---|---|---|
| 001 | UCH1427 | ||
| 003 | CL-VaPUC | ||
| 008 | 090427e19870000us |||||||||||||||||eng|d | ||
| 082 | 0 | 4 | |a 973.7 |b HAN |2 21 |
| 100 | |a Handlin, Oscar |e author |9 535913 | ||
| 245 | 1 | 4 | |a The road to Gettysburg |
| 300 | |a 25 p | ||
| 942 | |c BK | ||
| 945 | |d 20090427 00:00:00 |a rbrito | ||
| 260 | |a Gettysburg |b Gettysburg College |c 1987 | ||
| 600 | 0 | |a Lincoln, Abraham, |d 1809-1865 |9 321765 | |
| 650 | 0 | |a Historia de Estados Unidos |9 354186 | |
| 650 | 0 | |a Guerra civil |9 320243 | |
| 651 | 0 | |a Estados Unidos |9 255178 | |
| 583 | |a last modification |c 20171218 11:49:47 |k Rodrigo Vera | ||
| 490 | 0 | |a Fortenbaugh Memorial Lecture Gettysburg College | |
| 999 | |c 333466 |d 333464 | ||
| 952 | |0 0 |1 0 |4 0 |6 973_700000000000000_HAN_1987 |7 0 |8 A |9 421901 |a BIBHIS |b BIBHIS |d 2019-11-22 |i 4539516 |o 973.7 HAN 1987 |p 4539516 |r 2025-01-20 |w 2019-11-22 |y BK |k HIS | ||